Представление документа в формате RUSMARC

ПолеНазваниеЗначение
  Тип записи c
  Библиографический уровень m
001 Контрольный номер RU/УОНБ/EK_N/371384135
005 Дата корректировки 20260219133650.6
010 Индекс ISBN __
9 Тираж 300 экз.
013 Номер (ISMN) __
d Цена 109 р. 48 к.
071 Издательские номер (звукозапись и ноты) 2_
a Номер, присвоенный агентством 4094
100 Данные общей обработки __
a Данные общей обработки 20111008d2005 u y0rusy0189 ca
101 Язык документа 0_
a Язык текста rus
102 Страна публикации __
a Страна публикации RU
105 Кодированные данные (монография) __
a Кодированные данные (монография) y###||||000|y
200 Заглавие и сведения об ответственности 1_
a Заглавие Вып. 6
e Сведения, относящиеся к заглавию Поль де Сенневиль. Оливье Туссен
f Первые сведения об ответственности ред. Л. П. Кришпон
210 Выходные данные 1_
d Дата издания 2005
215 Физическое описание __
a Объем 42 c.
327 Примечание о содержании 11
a Примечание о содержании Содерж.: Сенневиль П. де Забытые огорчения ; Печальное сердце ; Для девушки, которую зовут "Я-тебя-люблю" ; Шепот. - Туссен О. Возвышенная любовь. - Сенневиль П. де ; Туссен О. В тени глициний ; Прогулка в лесу ; Лесные зверюшки ; Волшебный сад. ; Поездка в Венецию
461 Уровень набора _0
1 001RU/УОНБ/EK_N/371310963
1 200
a Легкая классика
b [Ноты]
d Light classics
e для фп.
z eng
v Вып. 6
1 210
a СПб.
c Композитор
d 2005
1 225
a Мое удовольствие
d Mon plaisir
464 Аналитический уровень _0
1 2001
a Забытые огорчения
1 700 1
a Сенневиль
b П. де
4 230
464 Аналитический уровень _0
1 2001
a Возвышенная любовь
1 700 1
a Туссен
b О.
4 230
464 Аналитический уровень _0
1 2001
a В тени глициний
1 700 1
a Сенневиль
b П. де
1 700 1
a Туссен
b О.
4 230
464 Аналитический уровень _0
1 2001
a Печальное сердце
1 700 1
a Сенневиль
b П. де
4 230
464 Аналитический уровень _0
1 2001
a Для девушки, которую зовут "Я-тебя-люблю"
1 700 1
a Сенневиль
b П. де
4 230
464 Аналитический уровень _0
1 2001
a Прогулка в лесу
1 700 1
a Сенневиль
b П. де
1 700 1
a Туссен
b О.
4 230
464 Аналитический уровень _0
1 2001
a Лесные зверюшки
1 700 1
a Сенневиль
b П. де
1 700 1
a Туссен
b О.
4 230
464 Аналитический уровень _0
1 2001
a Волшебный сад
1 700 1
a Сенневиль
b П. де
1 700 1
a Туссен
b О.
4 230
464 Аналитический уровень _0
1 2001
a Шепот
1 700 1
a Сенневиль
b П. де
4 230
464 Аналитический уровень _0
1 2001
a Поездка в Венецию
1 700 1
a Сенневиль
b П. де
1 700 1
a Туссен
b О.
4 230
606 Тематические рубрики 0_
a Основная рубрика Фортепианная музыка зарубежная
y Географическая подрубрика Франция
610 Ключевые слова 0_
a Ключевые слова фортепиано
686 Индексы других классификаций __
a Классификационный индекс 85.954.2-058.8я43
2 Код системы rubbk
702 Вторичная интеллектуальная ответственность _1
a Фамилия Криштоп
b Имя (инициалы) Л.
4 Код отношения 340
801 Источник записи _0
a Страна RU
b Организация Ульяновская ОНБ
c Дата составления 20111008
g Правила каталогизации RCR
801 Источник записи _1
a Страна RU
b Организация IS
c Дата составления 20111008
g Правила каталогизации RCR
901 Тип документа __
t Тип документа n
w Контрольный № источника RU/УОНБ/EK_N/371310963
909 Создатель записи __
a Создатель записи Лобина Л. И.
910 Корректоры записи __
a Корректор записи Илямакова
938 Служебная информация __
a Имя БД noti
b Имя библиотеки УОНБ
c Имя АИБС МАРК-SQL
d Номер DOC_ID в БД 9143